| 000 | 00958naa a22002897a 4500 | ||
|---|---|---|---|
| 001 | BR9301678 | ||
| 003 | BR-BrBNA | ||
| 005 | 20240918181019.0 | ||
| 007 | ta | ||
| 008 | 230509b bl.||||| |||| 00| 0 por d | ||
| 040 |
_aBR-BrBNA _bpor _cBiblioteca Nacional de Agricultura |
||
| 041 | _a(Pt) | ||
| 072 |
_aH01; T01 _b3877 |
||
| 090 | _aH01 BR9301678 | ||
| 100 | 1 | _aCosta, J.M. da | |
| 245 | 1 | _aPoluicao pelos inseticidas clorados e sua acao sobre o organismo humano | |
| 260 | 3 |
_aCruz das Almas, BA (Brasil): _c1977. |
|
| 500 | _aInforme cientifico anual, no. 1 Cruz das Almas, BA (Brasil): 1977. p. 167-176 (BR9301678-AM)H01 | ||
| 650 | _aPoluicao | ||
| 650 | _aInseticida Clorado | ||
| 650 | _aResiduo Quimico | ||
| 650 | _aSaude Publica | ||
| 650 | _aIntoxicacao | ||
| 773 | 0 |
_tInforme cientifico anual, no. 1 _wH01 BR9301678 _gCruz das Almas, BA (Brasil), 1977. p. 167-176 |
|
| 909 |
_a202404 _bLucia _c55 _dLucia Elande |
||
| 942 |
_cAM _2AGRIS |
||
| 999 |
_c323198 _d323198 |
||